| 000 | 00527nam a2200193Ia 4500 | ||
|---|---|---|---|
| 005 | 20250326145148.0 | ||
| 008 | 250326s9999 xx 000 0 und d | ||
| 037 | _aTextbook | ||
| 040 |
_aFMSL _beng _cFMSL |
||
| 041 |
_aeng _2eng |
||
| 084 |
_aX:8D P9 _qFMSL |
||
| 100 |
_aIvanic R _9750748 |
||
| 245 | 0 |
_aImproving learning in college _cIvanic R And Others |
|
| 260 |
_aNY _bNY, Routledge _c2009 |
||
| 365 | _b5947.1999999999998 | ||
| 650 | _aManagement | ||
| 942 |
_cTB _hX:8D P9 |
||
| 999 |
_c1306600 _d1306600 |
||